|
|
|
|
| LEADER |
00000nam0a2200000 4500 |
| 001 |
328103 |
| 005 |
20231102004027.0 |
| 035 |
|
|
|a (RuTPU)RU\TPU\book\353794
|
| 090 |
|
|
|a 328103
|
| 100 |
|
|
|a 20170210d1894 m y0rusy50 ca
|
| 101 |
1 |
|
|a rus
|c eng
|
| 102 |
|
|
|a RU
|
| 105 |
|
|
|a a i 000zy
|
| 200 |
1 |
|
|a Домашние фильтры для очищения воды, их приготовление и уход за ними. С описанием устройств для сбора дождевой воды и способов испытания ее
|e пер. с англ.
|e руководство для мастеров-любителей
|f А. Soward (Совард)
|
| 210 |
|
|
|a Санкт-Петербург
|c Типо-литография Т-ва И. Н. Кушнерев и К
|d 1894
|
| 215 |
|
|
|a 65 с.
|c ил.
|
| 606 |
1 |
|
|a Фильтры для воды
|2 stltpush
|3 (RuTPU)RU\TPU\subj\63919
|9 80850
|
| 610 |
1 |
|
|a питьевая вода
|
| 610 |
1 |
|
|a качество
|
| 610 |
1 |
|
|a очистка
|
| 610 |
1 |
|
|a устройство
|
| 610 |
1 |
|
|a модели
|
| 610 |
1 |
|
|a кухонные фильтры
|
| 610 |
1 |
|
|a комнатные фильтры
|
| 610 |
1 |
|
|a составные фильтры
|
| 610 |
1 |
|
|a схемы
|
| 610 |
1 |
|
|a бочечные фильтры
|
| 610 |
1 |
|
|a патентованные фильтры
|
| 675 |
|
|
|a 628.16.06
|v 4
|
| 700 |
|
1 |
|a Soward (Совард)
|b А.
|g Alfred (Альфред)
|
| 801 |
|
1 |
|a RU
|b 63413507
|c 20170210
|
| 801 |
|
2 |
|a RU
|b 63413507
|c 20170213
|g RCR
|
| 942 |
|
|
|c BK
|